[Event "CZE-chT2D 1516"]
[Site "Czech Republic"]
[Date "2016.02.21"]
[Round "8.8"]
[White "Luzik, Libor"]
[Black "Cach, Ondrej"]
[Result "1/2-1/2"]
[WhiteElo "1682"]
[BlackElo "1701"]
[PlyCount "44"]
[EventDate "2015.10.18"]
[EventType "team-tourn"]
[EventRounds "11"]
[EventCountry "CZE"]
[SourceTitle "EXT 2022"]
[Source "ChessBase"]
[SourceDate "2021.10.06"]
[SourceVersion "1"]
[SourceVersionDate "2021.10.06"]
[SourceQuality "1"]
[WhiteTeam "Velke Losiny"]
[BlackTeam "Polabiny III"]
[WhiteTeamCountry "CZE"]
[BlackTeamCountry "CZE"]

1. e4 e5 2. Nf3 Nf6 3. Nxe5 d6 4. Nf3 Nxe4 5. Nc3 Nxc3 6. dxc3 Be7 7. Bd3 Nd7 8. Be3 Nc5 9. Bxc5 dxc5 10. 0-0 0-0 11. Re1 Bd6 12. Qe2 Bd7 13. Ne5 g6 14. Qf3 Bxe5 15. Rxe5 Bc6 16. Qe3 b6 17. Qh6 Qf6 18. Re3 Rae8 19. Rae1 Rxe3 20. Rxe3 Re8 21. Rxe8+ Bxe8 22. Qe3 Bd7 1/2-1/2

[Event "Kouty nad Desnou op-B"]
[Site "Kouty nad Desnou"]
[Date "2011.03.16"]
[Round "6"]
[White "Luzik, Libor"]
[Black "Seiner, Frantisek"]
[Result "0-1"]
[WhiteElo "1653"]
[BlackElo "1797"]
[PlyCount "64"]
[EventDate "2011.03.12"]
[EventType "swiss"]
[EventRounds "9"]
[EventCountry "CZE"]
[SourceTitle "EXT 2014"]
[Source "ChessBase"]
[SourceDate "2013.11.20"]
[SourceVersion "1"]
[SourceVersionDate "2013.11.20"]
[SourceQuality "1"]

1. e4 c5 2. Nf3 e6 3. d4 cxd4 4. Nxd4 a6 5. a3 g6 6. c3 Bg7 7. Be3 Ne7 8. Bd3 0-0 9. 0-0 e5 10. Nf3 d5 11. exd5 Nxd5 12. Bg5 f6 13. Bh4 Qc7 14. Qc2 Nf4 15. Be4 f5 16. Qb3+ Be6 17. Qxb7 Qxb7 18. Bxb7 Ra7 19. Bxa6 Nxa6 20. Bg3 Ne2+ 21. Kh1 f4 22. Bh4 h6 23. Re1 Bc4 24. Nbd2 Bd3 25. a4 g5 26. Bxg5 hxg5 27. Nxg5 Bh6 28. Ngf3 Bg7 29. Ng5 Rb7 30. b4 Nxc3 31. b5 Nc5 32. Rec1 N3xa4 0-1

[Event "Ostrava op"]
[Site "Ostrava"]
[Date "2010.05.08"]
[Round "8"]
[White "Luzik, Libor"]
[Black "Dostal, Petr"]
[Result "0-1"]
[WhiteElo "1710"]
[BlackElo "1955"]
[PlyCount "58"]
[EventDate "2010.05.01"]
[EventType "swiss"]
[EventRounds "9"]
[EventCountry "CZE"]
[SourceTitle "EXT 2011"]
[Source "ChessBase"]
[SourceDate "2010.11.26"]
[SourceVersion "1"]
[SourceVersionDate "2010.11.26"]
[SourceQuality "1"]

1. e4 d6 2. d4 Nf6 3. Nc3 e5 4. dxe5 dxe5 5. Qxd8+ Kxd8 6. Nf3 Bd6 7. Bg5 Be6 8. 0-0-0 Nbd7 9. h3 h6 10. Be3 a6 11. a3 Ke7 12. Nd2 b5 13. Nb3 Bxb3 14. cxb3 Nc5 15. Bxc5 Bxc5 16. f3 c6 17. b4 Bb6 18. Kc2 Rhd8 19. Be2 Nh5 20. Bf1 Ng3 21. Be2 Nxh1 22. Rxh1 Rd7 23. g3 Rad8 24. f4 Rd2+ 25. Kb3 Bd4 26. Bg4 f6 27. fxe5 Bxe5 28. Bf5 Kf7 29. g4 g6 0-1

[Event "Ostrava op"]
[Site "Ostrava"]
[Date "2010.05.06"]
[Round "6"]
[White "Luzik, Libor"]
[Black "Janku, Viktor"]
[Result "1-0"]
[WhiteElo "1710"]
[BlackElo "1650"]
[PlyCount "89"]
[EventDate "2010.05.01"]
[EventType "swiss"]
[EventRounds "9"]
[EventCountry "CZE"]
[SourceTitle "EXT 2011"]
[Source "ChessBase"]
[SourceDate "2010.11.26"]
[SourceVersion "1"]
[SourceVersionDate "2010.11.26"]
[SourceQuality "1"]

1. e4 e5 2. Nf3 d6 3. d4 exd4 4. Nxd4 Nf6 5. Nc3 Be7 6. Bd3 c5 7. Nde2 Nc6 8. a3 0-0 9. Be3 Ne5 10. Bb5 Neg4 11. Bf4 Be6 12. f3 Ne5 13. Bg3 a6 14. Bd3 c4 15. Nf4 cxd3 16. cxd3 Qb6 17. b4 Qe3+ 18. Qe2 Qb6 19. Bf2 Qc6 20. Qd2 Rac8 21. Rc1 Rfd8 22. 0-0 Qd7 23. Nxe6 Qxe6 24. f4 Ned7 25. Rb1 Nh5 26. f5 Qe5 27. d4 Qf4 28. Be3 Qg4 29. Rf3 Bh4 30. h3 Qxf3 31. gxf3 Be7 32. Nd5 Bf8 33. Qg2 Nhf6 34. Nxf6+ Nxf6 35. Qd2 Re8 36. d5 Nd7 37. Rc1 Ne5 38. Kg2 Nc4 39. Qd3 Ne5 40. Qd4 Rxc1 41. Bxc1 Rc8 42. Bf4 Nd7 43. h4 Be7 44. h5 Bf6 45. Qa7 1-0

[Event "Ostrava op"]
[Site "Ostrava"]
[Date "2010.05.01"]
[Round "1"]
[White "Vesely, Martin"]
[Black "Luzik, Libor"]
[Result "1-0"]
[WhiteElo "2160"]
[BlackElo "1710"]
[PlyCount "43"]
[EventDate "2010.05.01"]
[EventType "swiss"]
[EventRounds "9"]
[EventCountry "CZE"]
[SourceTitle "EXT 2011"]
[Source "ChessBase"]
[SourceDate "2010.11.26"]
[SourceVersion "1"]
[SourceVersionDate "2010.11.26"]
[SourceQuality "1"]

1. d4 d5 2. Nf3 Nf6 3. c4 c6 4. Nc3 dxc4 5. a4 Nd5 6. e3 Nxc3 7. bxc3 b5 8. Ne5 Bb7 9. Qf3 Qd5 10. e4 Qe6 11. Rb1 a6 12. Bxc4 bxc4 13. Rxb7 c5 14. 0-0 Nc6 15. Bf4 cxd4 16. cxd4 Nxd4 17. Qe3 Nc6 18. Rb6 Rc8 19. Nxc6 Rxc6 20. Rb8+ Rc8 21. Rfb1 f6 22. Rxc8+ 1-0